Maestros mayores, arquitectos y aparejadores de El Escorial (Record no. 121612)

MARC details
000 -LEADER
campo de control de longitud fija 00867nam a2200217 i 4500
001 - NÚMERO DE CONTROL
campo de control 121612
003 - IDENTIFICADOR DE NÚMERO DE CONTROL
campo de control ES-MaACL
005 - FECHA Y HORA DE LA ÚLTIMA TRANSACCIÓN
campo de control 20240419150423.0
007 - CAMPO FIJO DE DESCRIPCIÓN FÍSICA--INFORMACIÓN GENERAL
campo de control de longitud fija t|
008 - DATOS DE LONGITUD FIJA--INFORMACIÓN GENERAL
campo de control de longitud fija 070214s1952 sp r ||||1| spa d
100 1# - ENTRADA PRINCIPAL--NOMBRE DE PERSONA
Nombre de persona Portabales Pichel, Amancio.
9 (RLIN) 93183
245 10 - MENCIÓN DEL TÍTULO
Título Maestros mayores, arquitectos y aparejadores de El Escorial
Resto del título : con más de 100 documentos hasta ahora inéditos y copias fotográficas de los más importantes /
Mención de responsabilidad, etc. Amancio Portabales Pichel ; prólogo de Luis Astrana Marín].
260 ## - PUBLICACIÓN, DISTRIBUCIÓN, ETC.
Lugar de publicación, distribución, etc. Madrid :
Nombre del editor, distribuidor, etc. Lupiana,
Fecha de publicación, distribución, etc. 1952.
300 ## - DESCRIPCIÓN FÍSICA
Extensión 316 p. :
Otras características físicas il. ;
Dimensiones 21 cm.
610 2# - PUNTO DE ACCESO ADICIONAL DE MATERIA--NOMBRE DE ENTIDAD CORPORATIVA
Nombre de entidad corporativa o nombre de jurisdicción como elemento de entrada Monasterio de El Escorial.
9 (RLIN) 5729
651 #7 - PUNTO DE ACCESO ADICIONAL DE MATERIA--NOMBRE GEOGRÁFICO
Nombre geográfico Monasterio de El Escorial
Subdivisión general Edificios, estructuras, etc.
Fuente del encabezamiento o término
9 (RLIN) 144603
700 1# - ENTRADA AGREGADA--NOMBRE PERSONAL
Nombre de persona Astrana Marín, Luis.
9 (RLIN) 23693
852 ## - LOCALIZACIÓN
Ubicación ES-MaACL
Número de control de estantería C-5659
Sublocalización o colección R.34412
852 ## - LOCALIZACIÓN
Ubicación ES-MaACL
Número de control de estantería C-22359
Sublocalización o colección R.50223
Holdings
Estatus retirado Estado de pérdida Estado de daño No para préstamo Biblioteca de origen Biblioteca actual Ubicación en estantería Fecha de adquisición Fuente de adquisición Total de préstamos Signatura topográfica completa Código de barras Visto por última vez Precio de reemplazo Tipo de ítem Koha
        Biblioteca del Ateneo de Madrid Biblioteca del Ateneo de Madrid Galería 17/01/2008     C-22359 1126736 23/02/2023 23/02/2023 Libro impreso
        Biblioteca del Ateneo de Madrid Biblioteca del Ateneo de Madrid Sala Palomar 17/01/2008     C-5659 1126735 23/02/2023 23/02/2023 Libro impreso